Media, democracy and social change: Re-imagining political communications (Record no. 3033)

MARC details
000 -LEADER
fixed length control field 00507nam a2200169Ia 4500
008 - FIXED-LENGTH DATA ELEMENTS--GENERAL INFORMATION
fixed length control field 230917s9999||||xx |||||||||||||| ||und||
020 ## - ISBN
Price GBP 26.99 (RS 2775.38)
040 ## - CATALOGING SOURCE
-- 5009569
Original cataloging agency VIVEKANANDA LIBRARY
041 ## - Language
-- English
082 ## - DDC NUMBER
Classification number 320.014 D36M
100 ## - MAIN ENTRY--PERSONAL NAME
Personal name Davis, Aeron
245 #0 - TITLE STATEMENT
Title Media, democracy and social change: Re-imagining political communications
260 ## - PUBLICATION, DISTRIBUTION, ETC. (IMPRINT)
Place of publication, distribution, etc London
Name of publisher, distributor, etc Sage Publications
Date of publication, distribution, etc 2020
300 ## - PHYSICAL DESCRIPTION
Pages xiv, 192 p.
500 ## - GENERAL NOTE
General note 4142 21/10/2021 RK21/1110 28/10/2021 Main Budget
942 ## - ADDED ENTRY ELEMENTS (KOHA)
Koha item type Books
Holdings
Withdrawn status Lost status Damaged status Not for loan Location (home branch) Sublocation or collection (holding branch) Date acquired Koha issues (times borrowed) Koha full call number Accession No. Koha date last seen Koha item type
        VIVEKANANDA LIBRARY VIVEKANANDA LIBRARY 17/12/2021   320.014 D36M 397873 17/09/2023 Books
© Designed and Maintained by Vivekananda Library, MDU Rohtak